Test automation : (Record no. 3558)

MARC details
000 -LEADER
fixed length control field 00521cam a2200157 i 4500
008 - FIXED-LENGTH DATA ELEMENTS--GENERAL INFORMATION
fixed length control field 221003s2021 enk 001 0 eng
020 ## - INTERNATIONAL STANDARD BOOK NUMBER
ISBN 9781780175454
100 1# - MAIN ENTRY--AUTHOR
Author Jose, Boby,
245 10 - TITLE STATEMENT
Title Test automation :
Remainder of title a manager's guide /
Statement of responsibility, etc Boby Jose.
260 ## - PUBLICATION, DISTRIBUTION, ETC. (IMPRINT)
Place of publication Swindon
Name of publisher BCS Learning and Develipment Ltd
Date of publication 2021
300 ## - COLLATION
Pagination xxv, 247 pages :
Other physical details illustrations ;
500 ## - GENERAL NOTE
General note Includes bibliographical references (page 231-232) index.
650 #0 - TRACINGS
Main Subject Computer software
Subdivision (2nd) Testing.
942 ## - ADDED ENTRY ELEMENTS (KOHA)
Item type Books
050 00 - LIBRARY OF CONGRESS CALL NUMBER
Classification number QA76.76.T48
Item number J68 2021
Holdings
Source of classification or shelving scheme Not for loan Permanent location Current location Date acquired Accession No. Full call number Barcode. Koha item type
Library of Congress Classification   Samuel Ogbemudia Main Library, University of Abuja Samuel Ogbemudia Main Library, University of Abuja 05/20/2025 2024/64027 QA76.76.T48.J68 2025-2028 Books